000 00341nam a22001457a 4500
008 230719b ||||| |||| 00| 0 eng d
020 _a9780792324811
041 _aeng
080 _a101
082 _a101GOU
100 _a44
101 _aFILZO
245 _aARTIFACTS REPRESENTATIONS AND SOCIAL PRACTICE
_cGOULD .C .C
942 _2udc
_cBK
999 _c60178
_d60178